Dead end in Norvelt #1 / Jack Gantos.
Available copies
- 6 of 6 copies available at LARL/NWRL Consortium.
- 3 of 3 copies available at Lake Agassiz Regional Library. (Show preferred library)
Current holds
0 current holds with 6 total copies.
Show All Copies
| Location | Call Number / Copy Notes | Barcode | Shelving Location | Status | Due Date |
|---|---|---|---|---|---|
| Breckenridge Public Library | J GAN (Text) | 33500010640076 | Main | Available | - |
| Crookston Public Library | J GAN (Text) | 33500010640100 | Main | Available | - |
| Detroit Lakes Public Library | J GAN (Text) | 33500010640092 | Main | Available | - |
| Godel Memorial-Warren Library | j GAN (Text) | 35500005034127 | Main | Available | - |
| Greenbush Public Library | j GAN (Text) | 35500005034044 | Main | Available | - |
| Red Lake Falls Public Library | j GAN (Text) | 35500006739054 | Main | Available | - |
Record details
- ISBN: 9780374379933
- ISBN: 0374379939
- ISBN: 9781250010230
- ISBN: 9780605722187
- Physical Description: 341 p. ; 21 cm.
- Edition: 1st ed.
- Publisher: New York : Farrar Straus Giroux, c2011.
Content descriptions
| Summary, etc.: | In the historic town of Norvelt, Pennsylvania, ... Read More |
Search for related items by subject
| Genre: | Historical fiction. Autobiographical fiction. |
Search for related items by series
| LDR | 02786cam a2200541 a 4500 | ||
|---|---|---|---|
| 001 | 137473 | ||
| 003 | LARL_NWRL_CONSORTIUM | ||
| 005 | 20231214160441.0 | ||
| 008 | 110223s2011 nyu c 000 1 eng | ||
| 010 | . | ‡a2010054009 | |
| 020 | . | ‡a9780374379933 | |
| 020 | . | ‡a0374379939 | |
| 020 | . | ‡a9781250010230 | |
| 020 | . | ‡a9780605722187 | |
| 035 | . | ‡a(OCoLC)692290969 | |
| 040 | . | ‡aDLC ‡beng ‡cDLC ‡dIG# ‡dBTCTA ‡dIK2 ‡dIHI ‡dIEP ‡dEHH ‡dUIU ‡dYDXCP | |
| 042 | . | ‡alcac | |
| 043 | . | ‡an-us-pa | |
| 082 | 0 | 0. | ‡a[Fic] ‡222 |
| 100 | 1 | . | ‡aGantos, Jack. ‡0(LARL_NWRL_CONSORTIUM)55597 |
| 245 | 1 | 0. | ‡aDead end in Norvelt ‡n#1 / ‡cJack Gantos. |
| 250 | . | ‡a1st ed. | |
| 260 | . | ‡aNew York : ‡bFarrar Straus Giroux, ‡cc2011. | |
| 300 | . | ‡a341 p. ; ‡c21 cm. | |
| 490 | 0 | . | ‡aNorvelt ; ‡v1 |
| 520 | . | ‡aIn the historic town of Norvelt, Pennsylvania, twelve-year-old Jack Gantos spends the summer of 1962 grounded for various offenses until he is assigned to help an elderly neighbor with a most unusual chore involving the newly dead, molten wax, twisted promises, Girl Scout cookies, underage driving, lessons from history, typewriting, and countless bloody noses. | |
| 650 | 1. | ‡aBehavior ‡vFiction. | |
| 650 | 1. | ‡aOld age ‡vFiction. ‡0(LARL_NWRL_CONSORTIUM)173812 | |
| 651 | 1. | ‡aNorvelt (Pa.) ‡xHistory ‡y20th century ‡vFiction. | |
| 650 | 0. | ‡aBoys ‡vJuvenile fiction. | |
| 650 | 0. | ‡aConduct of life ‡vJuvenile fiction. ‡0(LARL_NWRL_CONSORTIUM)164161 | |
| 650 | 0. | ‡aOlder women ‡vJuvenile fiction. | |
| 651 | 0. | ‡aNorvelt (Pa.) ‡xHistory ‡y20th century ‡vJuvenile fiction. | |
| 655 | 7. | ‡aHistorical fiction. ‡2gsafd | |
| 655 | 7. | ‡aAutobiographical fiction. ‡2gsafd | |
| 901 | . | ‡a137473 ‡bOCLC ‡c137473 ‡tbiblio | |

Add to basket
Permalink
Disable Highlighting